[Event "NOR-ch Class2"]
[Site "Sandefjord"]
[Date "2012.07.07"]
[Round "1"]
[White "Engeset, Bjarte"]
[Black "Bekkelien, Glenn Lewi"]
[Result "1-0"]
[WhiteElo "1596"]
[BlackElo "1704"]
[PlyCount "57"]
[EventDate "2012.07.07"]
[EventType "swiss"]
[EventRounds "9"]
[EventCountry "NOR"]
[SourceTitle "EXT 2024"]
[Source "ChessBase"]
[SourceDate "2023.10.10"]
[SourceVersion "1"]
[SourceVersionDate "2023.10.10"]
[SourceQuality "1"]

1. e4 e6 2. d4 d5 3. e5 c5 4. c3 Nc6 5. Nf3 Qb6 6. Bd3 Bd7 7. 0-0 cxd4 8. cxd4 Nxd4 9. Nbd2 Nc6 10. Nb3 Nge7 11. Be3 Qc7 12. Rc1 Ng6 13. Nc5 Be7 14. Nxd7 Qxd7 15. Bb5 0-0 16. Qa4 Rfc8 17. Rc2 Qc7 18. Bd4 a6 19. Bxc6 bxc6 20. Rfc1 c5 21. Bxc5 Bxc5 22. Rxc5 Qb7 23. b4 Nf4 24. Qc2 Rxc5 25. bxc5 Qb5 26. Rb1 Qd3 27. Qxd3 Nxd3 28. c6 Kf8 29. c7 1-0